[Event "Challenge"]
[Site "http://www.queenalice.com/game.php?id=307356"]
[Date "2007.11.20"]
[Round "-"]
[White "Joedson"]
[Black "FlordeLotus"]
[Result "0-1"]
[WhiteElo "1428"]
[BlackElo "1460"]

1. d4 d6 2. Nc3 Nd7 3. Qd3 e5 4. Qe3 f6 5. dxe5 dxe5 6. Ne4 Nb6 7. Qd3 Qxd3 8.
exd3 Bf5 9. h4 O-O-O 10. a4 Nh6 11. Nc5 Bxc5 12. a5 Nd5 13. a6 b6 14. c3 Rhe8
15. Ra4 e4 16. dxe4 Rxe4+ 17. Rxe4 Bxe4 18. Ne2 Ng4 19. Rh3 Bxf2+ 20. Kd2 Nde3+
21. Nd4 Nxf1+ 22. Ke2 Bxg2 23. Rf3 Re8+ 24. Be3 Bxf3+ 25. Kxf3 Nfh2+ 26. Kg2
Rxe3 0-1

[Event "Challenge"]
[Site "http://www.queenalice.com/game.php?id=309038"]
[Date "2007.11.23"]
[Round "-"]
[White "totoro"]
[Black "Joedson"]
[Result "1/2-1/2"]
[WhiteElo "1537"]
[BlackElo "1417"]

1. e4 e5 2. Qh5 Qe7 3. b3 g6 4. Qf3 Nf6 5. Ba3 c5 6. c4 b6 7. b4 cxb4 8. Bb2 Bh6
9. Qg3 Nxe4 10. Qf3 f5 11. d3 Bb7 12. d4 exd4 13. Be2 Qh4 14. Bxd4 Nc6 15. Bxh8
Qf4 16. Qxf4 Bxf4 17. Bf3 Ng5 18. Ne2 Rc8 19. Bxc6 Bxc6 20. Nxf4 Ba4 21. Bf6 h6
22. O-O Rxc4 23. Re1+ Kf7 24. Bxg5 hxg5 25. Nd5 Rg4 26. Re7+ Kf8 27. Nd2 Rd4 28.
Rxd7 Rxd2 29. Re1 Bxd7 30. Nxb4 a5 31. Na6 b5 32. Nc5 a4 33. Nxd7+ Rxd7 34. Rb1
1/2-1/2

[Event "Challenge"]
[Site "http://www.queenalice.com/game.php?id=311753"]
[Date "2007.11.28"]
[Round "-"]
[White "Joedson"]
[Black "FENIX_RJ"]
[Result "1-0"]
[WhiteElo "1387"]
[BlackElo "1512"]

1. d4 Nf6 2. e3 d5 3. Nc3 Bg4 4. f3 Bh5 5. g4 Bg6 6. b4 Qd6 7. a3 Qg3+ 8. hxg3
h5 9. Bb5+ c6 10. Bf1 Nbd7 11. gxh5 Bf5 12. g4 Be6 13. g5 Nh7 14. Nh3 f6 15. Nf4
Nxg5 16. Nxe6 Nxe6 17. e4 g6 18. Bh3 Ng7 19. Bf4 Nxh5 20. Bc7 Ng3 21. Bxg3 Bh6
22. Bc7 Rc8 23. Ba5 b6 24. f4 bxa5 25. Qg4 f5 26. Qxg6+ Kd8 27. exd5 Bxf4 28.
Rg1 Rxh3 29. dxc6 Nf8 30. Qf7 Re3+ 31. Ne2 Bg5 32. Rxg5 Kc7 33. Rxf5 Kxc6 34.
Qf6+ exf6 35. b5+ Kd6 36. Ra2 Nh7 37. Kf2 Rce8 38. c4 Ng5 39. c5+ Kd7 40. Rxf6
Nh3+ 41. Kf1 Ke7 42. Ra6 Rf8+ 43. Ke1 Re8 44. Rxa7+ Kf6 45. b6 Ng1 46. b7 Rxe2+
47. Rxe2 Rxe2+ 48. Kf1 Ra2 49. b8=Q Ra1+ 50. Kf2 Kf5 51. Rf7+ Kg4 52. Qc8+ Kh4
53. c6 Nh3+ 54. Kf3 Ng5+ 55. Kf4 Rf1+ 56. Ke5 Nxf7+ 57. Ke6 Kg5 58. c7 Rf6+ 59.
Ke7 Nh6 60. Qe8 Rf7+ 61. Qxf7 Nxf7 62. Kxf7 Kf4 63. d5 Ke5 64. c8=Q Kd4 65. Qd8
a4 66. Ke6 Kd3 67. d6 Kc3 68. Qb8 Kc4 69. d7 Kc3 70. d8=Q Kc2 71. Qbc8+ Kb3 72.
Qb6+ Kxa3 73. Qc3+ 1-0

[Event "Fim de Ano"]
[Site "http://www.queenalice.com/game.php?id=317203"]
[Date "2007.12.8"]
[Round "1"]
[White "Joedson"]
[Black "Danilo"]
[Result "0-1"]
[WhiteElo "1428"]
[BlackElo "1562"]

1. d4 d5 2. Nc3 e6 3. e4 Bb4 4. a3 Bxc3+ 5. bxc3 dxe4 6. a4 Qd6 7. Bg5 h6 8. Bh4
Ne7 9. f3 e3 10. Rb1 Nf5 11. Bb5+ c6 12. Bc4 Nxh4 13. Qe2 Qf4 14. g3 Nxf3+ 15.
Nxf3 Qe4 16. Rf1 Nd7 17. Ne5 Nxe5 18. dxe5 Qxe5 19. Qf3 O-O 20. Bd3 Qxc3+ 21.
Kd1 c5 22. Qe4 f5 23. Qxe3 Rd8 24. Ke2 c4 25. Qd2 cxd3+ 26. cxd3 Qe5+ 27. Qe3
Qa5 28. Rf4 Rd5 29. Rbb4 Re5 30. Rh4 Rxe3+ 31. Kxe3 g5 32. Rhd4 e5 33. Rdc4 Be6
34. Rxb7 Bxc4 0-1

[Event "Challenge"]
[Site "http://www.queenalice.com/game.php?id=329373"]
[Date "2008.1.2"]
[Round "-"]
[White "Delikz"]
[Black "Joedson"]
[Result "1-0"]
[WhiteElo "1446"]
[BlackElo "1399"]

1. e3 e5 2. Nf3 Nc6 3. Bb5 a6 4. Bxc6 dxc6 5. Nxe5 f6 6. Nd3 Bf5 7. Nf4 g5 8.
Nh5 Be6 9. O-O Qd7 10. Qf3 Bg4 11. Qe4+ Be7 12. Ng3 Nh6 13. Nc3 Nf5 14. Qxg4 b5
15. Nxf5 h5 16. Qe4 Kd8 17. Nxe7 Qxe7 18. Qxc6 Ra7 19. d4 h4 20. Nd5 Qe4 21.
Qxf6+ Kd7 22. Qxh8 g4 23. Nf6+ Ke6 24. Nxe4 1-0

[Event "vai + uma !!!  vamos que vamos!"]
[Site "http://www.queenalice.com/game.php?id=336078"]
[Date "2008.1.14"]
[Round "-"]
[White "Joedson"]
[Black "cacimba_seca"]
[Result "0-1"]
[WhiteElo "1417"]
[BlackElo "1800"]

1. d4 d5 2. Qd3 Nf6 3. Qa3 e5 4. b4 a5 5. e3 Bxb4+ 6. c3 Bxa3 7. Bxa3 e4 8. Nd2
Ng4 9. Nh3 Qf6 10. Rb1 b6 11. Rb5 Be6 12. f4 Nxe3 13. Be2 Nc2+ 14. Kd1 Nxa3 15.
Rb4 axb4 16. Bb5+ Nxb5 0-1

[Event "INSISTA-PESSISTA-Ñ DESISTA"]
[Site "http://www.queenalice.com/game.php?id=336085"]
[Date "2008.1.14"]
[Round "-"]
[White "cacimba_seca"]
[Black "Joedson"]
[Result "0-1"]
[WhiteElo "1686"]
[BlackElo "1368"]

1. g3 d5 2. Bg2 e5 3. Nf3 Nc6 4. a4 Nb4 5. Nxe5 h5 6. h4 Qe7 7. d4 f6 8. Nf3 Bg4
9. c3 Nc6 10. Bf4 Rd8 11. O-O g5 12. hxg5 fxg5 13. Bxg5 Nf6 14. Nh4 Qg7 15. Nf5
Qxg5 16. Ne3 h4 17. f3 hxg3 18. f4 Qh4 19. Nxg4 Nxg4 20. Rf2 Ne3 21. Bf3 Qh1+
22. Bxh1 Nxd1 23. Rg2 Nf2 24. Rxg3 Nxh1 25. Rg5 Rd7 26. Kg2 Rdh7 27. Nd2 Rh2+
28. Kf3 R8h3+ 29. Kg4 Ne7 30. Rg1 Nf2# 0-1

[Event "Challenge"]
[Site "http://www.queenalice.com/game.php?id=336711"]
[Date "2008.1.15"]
[Round "-"]
[White "Joedson"]
[Black "luongo_00001"]
[Result "0-1"]
[WhiteElo "1440"]
[BlackElo "1461"]

1. d4 e6 2. e4 d5 3. Bb5+ Bd7 4. Bd3 Nc6 5. c3 Nge7 6. Qa4 g6 7. Nf3 Ne5 8. Bb5
Nd3+ 9. Ke2 Nxc1+ 10. Kd2 Nxa2 11. Rxa2 c6 12. Bd3 dxe4 13. Bxe4 Bg7 14. Ke2 O-O
15. Ne5 Bxe5 16. dxe5 b5 17. Qc2 Nd5 18. g3 c5 19. h4 f5 20. Bd3 Qc7 21. f4 c4
22. Qd1 cxd3+ 23. Kxd3 Qc4+ 24. Kc2 Qxa2 25. Nd2 b4 26. h5 Ba4+ 27. Kd3 Bxd1 28.
Rxd1 Qxb2 29. c4 Qc3+ 30. Ke2 Qe3+ 31. Kf1 Qf3+ 32. Nxf3 Ne3+ 33. Kf2 Nxd1+ 0-1

[Event "Challenge"]
[Site "http://www.queenalice.com/game.php?id=336712"]
[Date "2008.1.15"]
[Round "-"]
[White "Joedson"]
[Black "luongo_00001"]
[Result "1-0"]
[WhiteElo "1422"]
[BlackElo "1480"]

1. d4 e6 2. e4 d5 3. Bb5+ Bd7 4. Bd3 Nc6 5. c3 e5 6. exd5 Nce7 7. dxe5 Nxd5 8.
Qe2 Qe7 9. Qe4 Be6 10. Bb5+ c6 11. Ba4 g6 12. Nd2 Bf5 13. Qc4 Qxe5+ 14. Ne2 Qf6
15. Nf3 Nge7 16. Nfd4 b5 17. Nxb5 cxb5 18. Qxb5+ Bd7 19. Qxd7# 1-0

[Event "Challenge"]
[Site "http://www.queenalice.com/game.php?id=338678"]
[Date "2008.1.18"]
[Round "-"]
[White "Joedson"]
[Black "lezeu63"]
[Result "0-1"]
[WhiteElo "1404"]
[BlackElo "1671"]

1. d4 d5 2. c3 Bf5 3. Na3 e6 4. e3 Nf6 5. Qa4+ Nc6 6. Nb5 a6 7. Na3 b5 8. Nxb5
axb5 9. Qxb5 Qd7 10. Qb7 Ra5 11. b4 Ra7 12. Qb5 Bd6 13. h3 O-O 14. g4 Rb8 15.
Qe2 Bg6 16. Nf3 Ne4 17. Nh4 Nxc3 18. Qf3 Be4 19. Qf4 Bxf4 0-1

[Event "Challenge"]
[Site "http://www.queenalice.com/game.php?id=339429"]
[Date "2008.1.20"]
[Round "-"]
[White "MurielleLyon"]
[Black "Joedson"]
[Result "1-0"]
[WhiteElo "1519"]
[BlackElo "1416"]

1. e4 c5 2. Nc3 e5 3. d3 c4 4. dxc4 Qa5 5. Nf3 d6 6. Bd2 d5 7. Nxd5 Qa4 8. Nc7+
Kd8 9. Nxa8 Bg4 10. Bg5+ Kc8 11. Qd8# 1-0

[Event "Challenge"]
[Site "http://www.queenalice.com/game.php?id=342199"]
[Date "2008.1.24"]
[Round "-"]
[White "Joedson"]
[Black "YouLoseSorry"]
[Result "0-1"]
[WhiteElo "1385"]
[BlackElo "1616"]

1. d4 d5 2. e4 dxe4 3. Nc3 f5 4. Nd5 Be6 5. Bb5+ c6 6. Qh5+ g6 7. Qe2 Bxd5 8. c4
cxb5 9. cxd5 Qxd5 10. Qc2 Qxd4 11. Qc7 Nd7 12. Bg5 Qxb2 13. Rd1 Rd8 14. Qxb7 h6
15. Bf4 Nc5 16. Qxa7 g5 17. Bc7 Nd3+ 18. Kf1 e3 19. Rxd3 Rxd3 20. g3 Qxf2# 0-1

[Event "Challenge"]
[Site "http://www.queenalice.com/game.php?id=351827"]
[Date "2008.2.10"]
[Round "-"]
[White "Pitty"]
[Black "Joedson"]
[Result "1-0"]
[WhiteElo "995"]
[BlackElo "1403"]

1. e4 Nf6 2. d3 c6 3. Nf3 d5 4. h4 dxe4 5. dxe4 Nxe4 6. Be2 f6 7. Bd3 f5 8. Bxe4
fxe4 9. Qe2 exf3 10. Qxf3 e5 11. Qe3 Bb4+ 12. c3 Ba5 13. Qxe5+ Kd7 14. Qd5+ cxd5
15. Nd2 Re8+ 16. Kd1 Kc7 17. Nc4 Bg4+ 18. Kc2 Bb6 19. f4 Qd7 20. f5 1-0

[Event "Challenge"]
[Site "http://www.queenalice.com/game.php?id=362671"]
[Date "2008.2.28"]
[Round "-"]
[White "cdare"]
[Black "Joedson"]
[Result "1-0"]
[WhiteElo "1688"]
[BlackElo "1391"]

1. e4 Nf6 2. Nc3 e6 3. Nf3 d5 4. e5 Ng4 5. h3 Nh6 6. d4 Bb4 7. Bxh6 gxh6 8. Qd2
c5 9. a3 Ba5 10. Be2 f5 11. O-O Rg8 12. Bb5+ Nc6 13. Bxc6+ bxc6 14. Qxh6 Ba6 15.
Qxe6+ Kf8 16. Qxf5+ Kg7 17. Rfd1 Rf8 18. Qh5 Rf4 19. Ng5 Qf8 20. Ne6+ Kg8 21.
Nxf8 Bd8 22. Ne6 Rxf2 23. Qe8+ Rf8 24. Qxf8# 1-0

[Event "Challenge"]
[Site "http://www.queenalice.com/game.php?id=362672"]
[Date "2008.2.28"]
[Round "-"]
[White "Joedson"]
[Black "cdare"]
[Result "0-1"]
[WhiteElo "1408"]
[BlackElo "1694"]

1. e4 e5 2. Nf3 Nc6 3. d4 d6 4. d5 Nce7 5. b4 Nf6 6. Bb5+ Bd7 7. c4 Bxb5 8. cxb5
Nxe4 9. Qd3 f5 10. Ng5 Nxg5 11. Bxg5 f4 12. Qh3 g6 13. Bf6 Rg8 14. Qxh7 Kd7 15.
Qxg8 Qe8 16. Qe6+ Kd8 17. h4 Qd7 18. Qf7 Qe8 19. Qh7 Kd7 20. Nc3 Rd8 21. Ne4 Kc8
22. Rc1 b6 23. h5 gxh5 24. Ke2 Kb7 25. Rxh5 Rc8 26. g4 Nxd5 27. Nd2 Nxf6 28. Qc2
Nxh5 29. gxh5 Qxh5+ 30. f3 d5 31. Qc6+ Kb8 32. Qxd5 Bxb4 33. Nc4 Qh2+ 34. Kd1
Qxa2 35. Rc2 Qb1+ 36. Rc1 Qb3+ 37. Rc2 Bc3 38. Nd2 Qxd5 39. Rxc3 Rd8 40. Ke2
Qxd2+ 0-1

[Event "Fim de Ano"]
[Site "http://www.queenalice.com/game.php?id=363263"]
[Date "2008.2.29"]
[Round "2"]
[White "Joedson"]
[Black "silverado"]
[Result "0-1"]
[WhiteElo "1397"]
[BlackElo "1800"]

1. e4 d6 2. d4 Nf6 3. Nc3 h6 4. a4 a6 5. d5 e6 6. Qe2 e5 7. Qe3 Ng4 8. Qg3 h5 9.
h4 f6 10. f4 g6 11. fxe5 dxe5 12. Qd3 f5 13. Rb1 Bc5 14. b3 Nf2 15. Qc4 Nxh1 0-1

[Event "Challenge"]
[Site "http://www.queenalice.com/game.php?id=374044"]
[Date "2008.3.20"]
[Round "-"]
[White "Joedson"]
[Black "rafajeff"]
[Result "0-1"]
[WhiteElo "1397"]
[BlackElo "1729"]

1. d4 e6 2. f4 b6 3. e4 Bb7 4. Nc3 f5 5. exf5 exf5 6. Nh3 Bd6 7. Bc4 Nf6 8. Kf2
Ng4+ 9. Kg3 h5 10. Re1+ Kf8 11. Qe2 h4# 0-1

[Event "Challenge"]
[Site "http://www.queenalice.com/game.php?id=374045"]
[Date "2008.3.20"]
[Round "-"]
[White "rafajeff"]
[Black "Joedson"]
[Result "1-0"]
[WhiteElo "1684"]
[BlackElo "1395"]

1. e4 Nf6 2. Qf3 e6 3. b3 e5 4. Bb2 d5 5. Bxe5 Nbd7 6. Bd4 dxe4 7. Qe3 Nd5 8.
Qg3 c5 9. Bxg7 Rg8 10. c3 Rxg7 11. Qh3 Ne5 12. Qh5 Nf4 13. Qxe5+ Ne6 14. Bc4 f6
15. Qxe4 Rd7 16. Bxe6 Rd6 17. Bf5+ 1-0